Famous Streamers - Statistics

General Stats
  • This quiz has been taken 83 times
  • The average score is 7 of 16
Answer Stats
Picture Answer % Correct
Ninja
97%
Pokimane
77%
xQc
72%
Tfue
64%
AdinRoss
62%
Tommyinnit
61%
Myth
49%
TimTheTat
43%
Shroud
34%
Ibai
33%
Rubius
26%
Nickmercs
21%
TheGrefg
16%
Auronplay
15%
Sodapoppin
15%
Juansguarnizo
5%
No matching quizzes found
Score Distribution
Percent of People with Each Score
Percentile by Number Answered
Your Score History
You have not taken this quiz